000 00700nam a2200289Ia 4500
005 20260324141359.0
008 008 260324s9999 xx 000 0 eng d
020 _a9780203811139
037 _aEBOOK
040 _aCRL
040 _beng
040 _cCRL
041 _2eng
041 _aeng
084 _qCRL
100 _aDavid MacFarland
_91207977
245 0 _aFuture Radio Programming Strategies
245 0 _bCultivating Listenership in the Digital Age
260 _bTaylor and Francis
260 _c1997
365 _a
365 _b195
856 _uhttp://www.taylorfrancis.com/books/9780203811139
942 _cEBOOK
999 _c1811008
_d1811008